000
00263nam a22001217a 4500
041
_a
ENG
100
_a
Fao
245
_a
Guidelines Land Evaluation For Rainfed Agriculture
260
_a
Rome
_b
FAO
_c
1983
300
_a
237
650
_a
FAO
856
_u
FAO ( 1 )
999
_c
2302
_d
2302